Délmagyarország. - 1996. február 20., Kedd
Elmentve itt :
| Dokumentumtípus: | Újság |
|---|---|
| Megjelent: |
1996-02-20
|
| Sorozat: | Délmagyarország
86 No. 43 |
| Online Access: | http://dmarchiv.bibl.u-szeged.hu/25970 |
| LEADER | 00486nas a2200145 i 4500 | ||
|---|---|---|---|
| 001 | delm25970 | ||
| 005 | 20200415082833.0 | ||
| 008 | 171218s1996 hu n o 0|| hun d | ||
| 022 | |a 0133-025X | ||
| 040 | |a SZTE Délmagyarország Archívum |b hun | ||
| 041 | |a hun | ||
| 245 | 0 | 0 | |a Délmagyarország. - 1996. február 20., Kedd |h [elektronikus dokumentum] |
| 260 | |c 1996-02-20 | ||
| 490 | 0 | |a Délmagyarország |v 86 No. 43 | |
| 856 | 4 | 0 | |u http://dmarchiv.bibl.u-szeged.hu/25970/1/dm_1996_043.pdf |z Dokumentum-elérés |